000 01303cam a22002897a 4500
020 _a1402045964
020 _a1402045972 (pbk.)
020 _a1402045980 (ebook.)
082 0 0 _a363.34937
_bSCH
_cN-02,P-62
245 1 0 _aFlood risk management :
_bhazards, vulnerability and mitigation measures /
_cedited by Jochen Schanze, Evzen Zeman and Jiri Marsalek.
260 _aDordrecht :
_bSpringer,
_cc2006.
300 _axi, 319 p. :
_bill., maps, ports ;
_c25 cm.
490 1 _aNATO science series. Series IV,
_aEarth and environmental sciences ;
500 _a"Proceedings of the NATO Advanced Research Workshop on Flood Risk Management: Hazards, Vulnerability and Mitigation Measures, Ostrov, Czech Republic, 6-10 October 2004"--T.p. verso.
500 _a"Published in cooperation with NATO Public Diplomacy Division."
526 _a0
_b0
_c0
_d363_349370000000000_SCH
650 0 _aFlood damage prevention
_936226
650 0 _aFloodplain management
_936227
650 0 _aNUST
_96342
650 0 _aRisk assessment
_91890
700 1 _aMarsalek, J.
_936230
700 1 _aSchanze, Jochen.
_936228
700 1 _aZeman, Evzen.
_936229
856 4 1 _uhttp://www.loc.gov/catdir/toc/fy0705/2006509577.html
856 4 2 _uhttp://www.loc.gov/catdir/enhancements/fy0824/2006509577-d.html
942 _2ddc
_cBK
999 _c541462
_d541462